| 000 | 00645nam a22001817a 4500 | ||
|---|---|---|---|
| 003 | OSt | ||
| 005 | 20251117090833.0 | ||
| 008 | 251117b |||||||| |||| 00| 0 eng d | ||
| 020 | _a0-415-27952-6 | ||
| 040 | _cCL | ||
| 082 | _a371.2 D255 2005 | ||
| 100 | _aDAVIES, BRENT | ||
| 245 |
_a School leadership in the 21st century : _bdeveloping a strategic approach / |
||
| 260 |
_a London : _b Routledge Falmer, _cc2005 |
||
| 300 |
_axiii, _b224 p. : _c23 cm. |
||
| 650 | _2School management and organization--Great Britain. 2. Educational leadership--Great Britain. 3. Educational leadership. I. Ellison, Linda. | ||
| 942 |
_2ddc _cBK-CIRC _n0 |
||
| 999 |
_c5692 _d5692 |
||